50 mots en "tion" ou en "ssion" + bonus - Statistiques

Statistiques générales
  • Ce quiz a été pris 100 fois
  • Le résultat moyen est 15 sur 50
Statistiques - réponses
Question Réponse % Correct
Fait d'ajouter Addition
84%
77-66 c'est une : Soustraction
78%
A chaque problème sa Solution
70%
On l'a fait pour trouver le carré d'un nombre Multiplication
65%
Cela prend des P_ _ _ _ _ _ _ _ N énormes Proportion
64%
On la paye d'avance pour obtenir un appartement Caution
62%
Soulever son poids du corps à la force des bras Traction
54%
Volcan qui se réveille Eruption
53%
Fruit, c'est aussi le fait de faire un truc qu'on aime Passion
53%
Magasin concurrentiel de GiFi Action
52%
Merde j'ai reçu un PV autrement dit une Contravention
51%
On essaye de ne pas y succomber Tentation
46%
Sport ayant cette terminaison Natation / Musculation / Equitation / Aviation / Aérostation
45%
Service, radio, de ski Station
43%
Dépendance Addiction
41%
C'est quel mot qui se trouve dans les instructions du quiz ? Définition
41%
Quel mot au dessus de la première .... du quiz Question
41%
Tu peux l'obtenir grâce a Dieu Bénédiction
40%
Manière de dire, ou de réciter Diction
38%
Rogue était le professeur de cette matière Potion
37%
**** Peur que l'on a a l'approche d'un évènement Appréhension
35%
De seconde, ou symbole mathématique posé l'un sur l'autre Fraction
34%
Elle permet de voir un film au cinéma Projection
34%
Je cherche celui qui prendra ma place de chef Succession
26%
**** Quand les vagues sont fortes, il y a risque de .... Submersion
25%
Réponse précédente avec pour préfixe la capitale des Maldives Malédiction
23%
Fait de ce livrer a l'autre Confession
22%
Essentielle dans un orchestre Partition
22%
Robotisation dans une industrie Automatisation
20%
**** On la verse a un membre de la famille parfois Pension
20%
Elle est impossible au cinéma Mission
17%
Amélioration Evolution / Progression
16%
L'apartheid en est une Ségrégation
15%
Traiter quelqu'un plus mal que les autres Discrimination
12%
Fait de noter ses projets sur un planning Organisation
12%
Aller au contact en sport mécanique Percussion
12%
**** On pense que c'est lui le coupable Suspicion
10%
**** J'arrête la danse, je vais aller au foot, c'est une Reconversion
8%
Rediffusion Retransmission
8%
Chacun donne sa part Contribution
7%
Comme sur l'image Décapitation / Démolition
7%
Action de catapulter Ejection
5%
**** Il s'est fait viré, c'est une Expulsion
5%
L'un est un contrôle / l'autre se met en place quand l'alarme sonne Evaluation / Evacuation
4%
Synonyme de quelques connaissances Notion
4%
Synonyme de division; Elle peut aussi être sportive Section
4%
Mouvement de foule Agitation
2%
Il en faut au moins une pour vouloir se faire tatouer Signification
2%
Séparation de phase Démixtion
0%
Synonyme de continuité dans une entreprise Pérénnisation
0%
Aucun quiz correspondant
Distribution des résultats
% des personnes avec chaque résultat
Percentile par nombre de réponses
Votre historique - résultats
Vous n’avez pas pris ce quiz